000
00257nam a2200097Ia 4500
001
647595
005
20250826153705.0
008
250824s9999 xx 000 0 und d
245
0
_a
BANU CİHAN ANTİK
_c
SÜLEYMAN TEVFİK
260
_b
ANTİK DÜNYA KLASİKLERİ
999
_c
647595
_d
647595